000 00407nam a2200181Ia 4500
001 10580
005 20260306161842.0
008 260306t2006||||xx |||||||||||||| ||spa||
041 _aESP
082 _a940.5318092
_bW943
100 _aWiesel, Elie
_eAUT
245 0 _aNight
260 _c2006
300 _axxi, 120 páginas :
_c21 cm.
650 _aGEN
654 _aCHU
942 _cLIB
_dJUS
_fJUS
_2ddc
_n
999 _c10580
_d10580